000 00432nam a2200205Ia 4500
001 13791
003 GE_BSU
008 181216s||||||||xx |||||||||||||| ||und||
020 _a9780743489331
040 _cGE_BSU
080 _a821.111-3
100 _aTrigiani,Adriana
245 _aLucia,Lucia
260 _aLondon
260 _bPocket Books
260 _c2003
300 _a323p.18cm.
653 _aLucia,Lucia
942 _cBK
999 _c46938
_d46938